000
00216nam a22000857a 4500
008
161213b xxu||||| |||| 00| 0 eng d
100
_9
2028
_a
Asthana.G.R
245
_a
Mouse Lears a Learns
260
_a
New Delhi
_b
C B T
_c
2011
999
_c
4904
_d
4904